000 00406nam a2200157Ia 4500
001 23729
003 GE_BSU
008 181216s||||||||xx |||||||||||||| ||und||
040 _cGE_BSU
245 _aГенетика.№8. 2018
245 _cГл. ред. Бозиев Р.С.
653 _aГенетика. №8. 2018
653 _aПериодика
653 _aპერიოდიკა
942 _cCR
999 _c56613
_d56613